Human capital in new member states of the European union

Ľudský kapitál ako kľúčový faktor v sociálno-ekonomickej oblasti a ako dôležitý prvok tvorenia spoločnosti a ekonomiky založenej na vedomostiach. Prezentovanie ľudského kapitálu v nových štátoch EÚ. Porovnanie nových štátov EÚ s ďalšími štátmi v EÚ v oblasti ľudského kapitálu.

Uložené v:
Podrobná bibliografia
Hlavný autor: Jaźwiński, Ireneusz
Médium: Kapitola
Jazyk:English
Predmet:
Tagy: Pridať tag
Žiadne tagy, Buďte prvý, kto otaguje tento záznam!

MARC

LEADER 00000nla$a2200000$$$4500
001 0076473
005 20221128083523.6
041 0 |a eng 
044 |a SK 
245 1 0 |a Human capital in new member states of the European union  |c Ireneusz Jaźwiński 
520 |a Ľudský kapitál ako kľúčový faktor v sociálno-ekonomickej oblasti a ako dôležitý prvok tvorenia spoločnosti a ekonomiky založenej na vedomostiach. Prezentovanie ľudského kapitálu v nových štátoch EÚ. Porovnanie nových štátov EÚ s ďalšími štátmi v EÚ v oblasti ľudského kapitálu. 
610 2 0 |a kapitál ľudský 
610 2 0 |a Európska únia 
610 2 0 |a index rozvoja ľudského 
610 2 0 |a vzdelanie 
100 1 |a Jaźwiński, Ireneusz